| 000 | 00566nam a2200193Ia 4500 | ||
|---|---|---|---|
| 003 | IIN | ||
| 005 | 20240124154503.0 | ||
| 008 | 231217s9999 xx 000 0 und d | ||
| 020 |
_cRs.350.00 _a9788184482102 |
||
| 040 |
_aIIN _bEnglish |
||
| 082 |
_a610.7307 _bMOY |
||
| 100 | 1 | _aMoyer, Barbara A. | |
| 245 | 1 |
_aNursing Education: _bFoundation for Practice Excellence _cBarbara A. Moyer and Ruth A. Wittmann-Price |
|
| 260 |
_bJaypee _aNew Delhi _c2008 |
||
| 300 | _axix, 320 p. | ||
| 650 | 1 |
_aEducation _vNursing |
|
| 700 | 1 | _aWittmann-Price, Ruth A. | |
| 942 | _cBOOK | ||
| 999 |
_c592 _d592 |
||